LEADER 01433nam0 22003253i 450 001 CAG0076188 005 20170908093248.0 100 $a20110216d1915 ||||0itac50 ba 101 | $afre$aita 102 $ait 181 1$6z01$ai $bxxxe 182 1$6z01$an 200 1 $a˜Les œecrivains francais des trois derniers siecles$emorceaux choisis illustrés par de nombreuses notes explicatives ...$fC. Ghiotti e G. Dogliani 205 $aNouvelle edition 210 $aTurin$cG. B. Petrini de Giovanni Gallizio$d1915 215 $aXV, 508 p.$d23 cm 300 $aNel frontespizio: A l'usage des Ecoles Techniques, des Gymnases, des Ecoles complementaires et du 1. Cours de l'Institut technique 317 $aProvenienza: Parente, Abele. $5IT-NA0079 L.PARENTE 105 700 1$aGhiotti$b, Candido$3CFIV002919$4070$0894 701 1$aDogliani$b, Giustino$3CUBV056602$4070$0744718 702 1$aParente$b, Abele$3NAPP000546$4320$5IT-NA0079 L.PARENTE 105 790 1$aGhiotti$b, C.$3SBNV032411$zGhiotti, Candido 790 1$aDogliani$b, Justin$3SBNV051799$zDogliani, Giustino 801 3$aIT$bIT-NA0079$c20110216 850 $aIT-NA0079 912 $aCAG0076188 950 0$aBiblioteca Nazionale Vittorio Emanuele III$c1 v.$d BNL.PARENTE 105$e BN 0004431215 B 1 v.$fT $h19230102$i20110216 977 $a BN 996 $aEcrivains francais des trois derniers siecles$91483620 997 $aUNISANNIO